Regionálny príspevok pre pedagogických a odborných zamestnancov

Odpovede na špecifické otázky týkajúce sa regionálneho príspevku zamestnankyni na materskej dovolenke, krátenie odmeny pre zamestnancov, ktorí sú na PN alebo OČR, príplatok pri neodpracovaní dní v mesiacoch a príplatok v prípade súkromných základných umeleckých škôl. Odpovede sú súčasťou odpovedného...

ver descrição completa

Na minha lista:
Detalhes bibliográficos
Autor principal: Pivarníková, Lucia
Formato: Capítulo de Livro
Idioma:eslovaco
Assuntos:
Tags: Adicionar Tag
Sem tags, seja o primeiro a adicionar uma tag!

MARC

LEADER 00000naa a2200000 4500
001 0307066
005 20250311082750.2
041 0 |a slo 
044 |a SK 
245 1 0 |a Regionálny príspevok pre pedagogických a odborných zamestnancov  |c Lucia Pivarníková 
520 |a Odpovede na špecifické otázky týkajúce sa regionálneho príspevku zamestnankyni na materskej dovolenke, krátenie odmeny pre zamestnancov, ktorí sú na PN alebo OČR, príplatok pri neodpracovaní dní v mesiacoch a príplatok v prípade súkromných základných umeleckých škôl. Odpovede sú súčasťou odpovedného servisu portálu direktor.sk 
610 2 0 |a školstvo 
610 2 0 |a zamestnanci 
610 2 0 |a pedagógovia 
610 2 0 |a zamestnanci odborní 
610 2 0 |a rozdiely regionálne 
610 2 0 |a príspevky štátne 
610 2 0 |a legislatíva 
610 2 0 |a úpravy právne 
100 1 |a Pivarníková, Lucia